00874nam a2200217 i 4500001000700000003000700007005001700014008004100031020002200072080002400094100003600118245009500154260004200249300002200291700002700313852009400340914005000434942002000484999001900504952013300523189061SpMaBN20240125063200.0190326s2015 xxu |||| | eng d a978-1-4209-5210-0 a821.111(415)-31"19"1 aJoyce, James,d1882-194196707712aA portrait of the artist as a young man / cby James Joyce ; introduction by Fallon Evans. a[Kansas City] : bDigireads, c[2015] a194 p. ; c22 cm.1 aEvans, Fallon.9166698 aES-MaACLjA-144469196198bR.151806cDEPO1dOlim: N-7446hDonación: Embajada de Irlanda 9234032aEmbajada de Irlanda en España ednr 2udccMONOGRAFIA c189061d189061 00102udc4070aATENEOMbATENEOMcDEPO1d2019-03-26eDONACIONl0oA-14446p1200233r2023-02-23 00:00:00w2023-02-23yMONOGRAFIA